| 000 | 02157cam a2200373 a 4500 | ||
|---|---|---|---|
| 999 |
_c26769 _d26769 |
||
| 001 | 15660995 | ||
| 005 | 20170206110501.0 | ||
| 008 | 090316s2009 nyua bc 001 0 eng | ||
| 010 | _a 2009011043 | ||
| 020 | _a9780300146820 (Paperbound : flexicover) | ||
| 020 | _a0300146825 (Paperbound : flexicover) | ||
| 035 | _a(OCoLC)ocn316233470 | ||
| 040 |
_aDLC _cDLC _dYDX _dYDXCP _dOCLCQ _dDLC |
||
| 050 | 0 | 0 |
_aN7414.75 _b .N48 2009 |
| 100 | 1 |
_aBelasco, Daniel, _d1975- |
|
| 245 | 1 | 0 |
_aReinventing ritual : _bcontemporary art and design for Jewish life / _cDaniel Belasco ; with contributions by Arnold M. Eisen ... [et al.]. |
| 260 |
_aNew York : _bJewish Museum ; _aNew Haven [Conn.] : _bYale University Press, _cc2009. |
||
| 300 |
_axiii, 138 p. : _bill. (some col.) ; _c27 cm. |
||
| 504 | _aIncludes bibliographical references (p. 119-123) and index. | ||
| 650 | 0 |
_aJewish art and symbolism _vExhibitions. |
|
| 650 | 0 |
_aJewish art _y20th century _vExhibitions. |
|
| 650 | 0 |
_aJewish art _y21st century _vExhibitions. |
|
| 650 | 0 |
_aJudaism _xLiturgical objects _vExhibitions. |
|
| 650 | 0 |
_aJudaism _xCustoms and practices _vExhibitions. |
|
| 700 | 1 |
_aEisen, Arnold M., _d1951- |
|
| 710 | 2 | _aJewish Museum (New York, N.Y.) | |
| 710 | 2 | _aContemporary Jewish Museum (San Francisco, Calif.) | |
| 942 |
_2lcc _cBOOKS _hN7414.75 .N48 2009 |
||